Alle Spieler mit Rückennummer 9 der Bundesliga 2024/25 - Statistiken

Allgemein
  • Dieses Quiz wurde 119 mal gespielt
  • Das Durchschnittsergebnis liegt bei 8 aus 15
Antwortstatistiken
Verein Nation Spieler % Korrekt
FC Bayern München England Harry Kane
99%
Borussia Dortmund Guinea Serhou Guirassy
96%
RB Leipzig Dänemark Yussuf Poulsen
92%
VfB Stuttgart Bosnien-Herzegowina Ermedin Demirovic
91%
TSG Hoffenheim Togo Ihlas Bebou
67%
SC Freiburg Deutschland Lucas Höler
64%
VfL Wolfsburg Algerien Mohamed Amoura
60%
Borussia Mönchengladbach Frankreich Franck Honorat
55%
Eintracht Frankfurt Kroatien Igor Matanovic
45%
FC Augsburg DR Kongo Samuel Essende
39%
VfL Bochum Niederlande Myron Boadu
29%
Holstein Kiel Österreich Benedikt Pichler
18%
1. FC Heidenheim Deutschland Stefan Schimmer
14%
1. FC Union Berlin Kroatien Ivan Prtajin
12%
FC St. Pauli Gambia Abdoulie Ceesay
6%
Keine übereinstimmenden Quizze gefunden
Verteilung der Resultate
Anzahl Personen mit jedem Resultat
Perzentil nach korrekt beantworteten Fragen
Ihre Resultats-Entwicklung
Sie haben dieses Quiz noch nicht gespielt